| 000 | 01590cam a22003614i 4500 | ||
|---|---|---|---|
| 003 | PE-LiUPU | ||
| 005 | 20250731184058.0 | ||
| 008 | 150623s1984 ck r 000 0 spa d | ||
| 035 | _a(Sirsi) a23015 | ||
| 040 |
_aPE-LiUPU _bspa _cPE-LiUPU _erda |
||
| 082 | 0 | 4 |
_a838.61 _bW78 _220 |
| 100 | 1 |
_aGoethe, Johann Wolfgang von, _d1749-1832, _eautor. |
|
| 245 | 1 | 0 |
_aFausto / _cJohann Wolfgang Goethe. |
| 264 | 1 |
_aBogotá : _bOveja Negra, _c1984. |
|
| 300 |
_a311 páginas ; _c18 centímetros |
||
| 336 |
_atext _2rdacontent |
||
| 337 |
_aunmediated _2rdamedia |
||
| 338 |
_avolume _2rdacarrier |
||
| 505 | 0 | _aFausto. | |
| 526 | _aP145 | ||
| 526 | _aP127 | ||
| 526 | _aP97 | ||
| 526 | _aP14 | ||
| 526 | _aP07 | ||
| 650 | 0 | 4 |
_aTeatro inglés _yHasta 1700. |
| 942 |
_2ddc _cBOOK |
||
| 949 |
_a838.61 F 1749-1832 _wDEWEY _c1 _i47060 _lCCODEBUL1 _mBUL _p30.00 _r0 _sY _tBOOK _u2015-06-24 _xEDUCACION _zUNKNOWN _0COMPRA _o.STAFF. Colección Ciencias Humanas y Educación |
||
| 949 |
_a838.61 F 1749-1832 _wDEWEY _c2 _i48500 _lCCODEBUL1 _mBUL _p30.00 _r0 _sY _tBOOK _u2015-06-24 _xEDUCACION _zUNKNOWN _0COMPRA _o.STAFF. Colección Ciencias Humanas y Educación |
||
| 596 | _a1 | ||
| 999 |
_a838.61 W78 _wDEWEY _c23646 _i47060 _f2019-12-11 _g6 _lDISCARD _mBUL _r0 _sY _tBOOK _u2015-6-24 _xEDUCACION _zUNKNOWN _0COMPRA _o.STAFF. Colección General _d23646 |
||
| 999 |
_a838.61 W78 _wDEWEY _c2 _i48500 _d2016-10-3 _e2016-9-29 _f2021-11-9 _g5 _lCCODEBUL1 _mBUL _n1 _p30.00 _r0 _sY _tBOOK _u2015-6-24 _xEDUCACION _zUNKNOWN _0COMPRA _o.STAFF. Colección General |
||
| 980 |
_81 _gALBERTO SANCHEZ Responsable de Automatización |
||